Taylor Swift - Blank Space Lyrics - Statistics

General Stats
  • This quiz has been taken 1,292 times
    645 since last reset
  • The average score is 413 of 496
Answer Stats
Answer % Correct
I
100%
you
100%
You
100%
a
99%
go
99%
in
99%
be
98%
Be
98%
the
98%
to
98%
and
97%
And
97%
love
97%
me
97%
when
97%
my
96%
can
95%
it
94%
"Oh
94%
Oh
94%
show
94%
where
94%
game
93%
incredible
93%
like
93%
things
93%
your
93%
been?
92%
for
92%
God
92%
I'm
92%
i'm
92%
it's
92%
meet
92%
Nice
92%
look
91%
play"
91%
tell
91%
that
91%
blank
90%
on
90%
so
90%
So
90%
space
90%
who
90%
at
89%
baby
89%
down
89%
forever
89%
gonna
89%
Got
89%
got
89%
mistake
89%
name
89%
next
89%
over
89%
could
88%
face
88%
gonn
88%
If
88%
if
88%
i'll
88%
insane
88%
lovers
88%
write
88%
flames?
87%
or
87%
Or
87%
of
86%
wanna
86%
ex
84%
heaven
84%
Magic
84%
sin
84%
is
83%
list
83%
long
83%
But
82%
pain
82%
They'll
82%
they'll
82%
want
81%
worth
81%
i've
80%
Love's
80%
read
80%
was
80%
Boys
79%
'Cause
79%
Don't
79%
madness
79%
magazine
79%
make
79%
only
79%
say
79%
there
79%
know
78%
this
78%
torture
78%
didn't
77%
warn
76%
weekend
76%
good
75%
how
75%
players
75%
Saw
75%
thought
75%
tie
75%
bad
74%
high
74%
leave
74%
see
74%
she?"
73%
money
72%
with
72%
ends
71%
guys
71%
let's
71%
one
71%
suit
71%
friends
70%
hand
70%
Hey
70%
hey
70%
nasty
70%
New
70%
nightmare
70%
scar
70%
too
70%
we're
70%
come
69%
daydream
69%
get
69%
drunk
68%
far
68%
jealousy
68%
passport
68%
dressed
67%
girl
67%
Grab
67%
way
67%
all
66%
dying
66%
take
66%
about
65%
breathless
65%
heard
65%
darling
64%
month
64%
no
64%
queen
64%
reckless
64%
We'll
64%
we'll
64%
young
64%
You're
64%
turn
63%
tables
62%
what
62%
Rumors
61%
time
61%
king
60%
yet
60%
back
59%
funny?
59%
out
59%
you'll
59%
it'll
58%
It'll
58%
worst
58%
Ain't
57%
fly
57%
each
56%
Find
56%
Screaming
55%
crying
54%
perfect
54%
crystal
52%
Rose
52%
lips
51%
filled
50%
garden
50%
skies
50%
Cherry
49%
lies
49%
storms
48%
thorns
48%
pretty
46%
kisses
44%
second
43%
guessing
42%
mm
42%
Mm
42%
Stolen
41%
Keep
39%
Wait
38%
No matching quizzes found
Score Distribution
Percent of People with Each Score
Percentile by Number Answered
Your Score History
You have not taken this quiz since the last reset